| 000 | 02084cam a22004694i 4500 | ||
|---|---|---|---|
| 003 | PE-LiUPU | ||
| 005 | 20250731183438.0 | ||
| 008 | 141021s2012 pe a rb 000 0 spa d | ||
| 020 | _a9788499486420 | ||
| 035 | _a(Sirsi) i9788499486420 | ||
| 035 | _a(Sirsi) 50724 | ||
| 035 | _a(Sirsi) 50724 | ||
| 040 |
_aPE-LiUPU _bspa _cPE-LiUPU _dPE-LiUPU _erda |
||
| 082 | 0 | 4 |
_a725.827 _bL83 |
| 100 | 1 |
_aLópez, Cándido _qLópez González. |
|
| 245 | 1 | 3 |
_aEl espacio deportivo a cubierta : _bforma y lugar / _cCándido López. |
| 264 | 1 |
_aSan Vicente (Alicante) : _bClub Universitario, _c2012. |
|
| 300 |
_a368, lvi páginas : _bilustraciones ; _c27 cm. |
||
| 336 |
_atext _2rdacontent |
||
| 337 |
_aunmediated _2rdamedia |
||
| 338 |
_avolume _2rdacarrier |
||
| 504 | _aIncluye bibliografía páginas XVII-LVI. | ||
| 505 | 0 | _aEl espacio del deporte: parámetros de análisis -- Tradición y evolución: Una mirada retrospectiva -- Codificaciones: análisis de los modelos propuestos -- Transformación y continuidad: una opción de futuro. | |
| 526 | _aP158 | ||
| 526 | _aP146 | ||
| 526 | _aP17 | ||
| 526 | _aP12 | ||
| 526 | _aP06 | ||
| 650 | 1 | 4 | _aInstalaciones deportivas. |
| 650 | 2 | 4 | _aCiencias sociales. |
| 859 |
_q67497 _h725.827 _iL83 |
||
| 910 |
_agl _b _cng _d20130606 |
||
| 942 |
_2ddc _cBOOK |
||
| 949 |
_a725.827 L83 _i67497 _lCCODEBUL1 _mBUL _tLIBRO _o.STAFF. Colección General |
||
| 949 |
_a725.827 L83 _i70644 _lCCODEBUL1 _mBUL _tLIBRO _o.STAFF. Colección General |
||
| 910 |
_apeb _cng |
||
| 596 | _a1 | ||
| 999 |
_a725.827 L83 _wDEWEY _c55128 _i67497 _d55128 _e2016-10-13 _f2021-11-10 _g7 _lCCODEBUL1 _mBUL _n1 _p60.00 _r0 _sY _tBOOK _u2015-7-6 _xINGENIERIA _PP06 _0COMPRA _o.STAFF. Colección General |
||
| 999 |
_a725.827 L83 _wDEWEY _c2 _i70644 _d2018-3-14 _f2021-11-10 _g7 _lCCODEBUL1 _mBUL _p40.00 _q1 _r0 _sY _tBOOK _u2016-9-14 _xINGENIERIA _PP06 _0COMPRA _o.STAFF. Colección Fia |
||
| 980 |
_81 _gALBERTO SANCHEZ Responsable de Automatización |
||